| 000 | 00846nas a2200289 i 4500 | ||
|---|---|---|---|
| 001 | 83310 | ||
| 003 | ES-MaACL | ||
| 005 | 20250415203753.0 | ||
| 007 | t| | ||
| 008 | 041116d19551961sp | |0010||pa d | ||
| 022 | _a0561-4457 | ||
| 245 | 0 | 0 |
_aEstadística penal de España / _cInstituto Nacional Estadística. |
| 260 |
_aMadrid : _bINE, _c1955-1961. |
||
| 300 |
_a2 v. ; _c26 cm. |
||
| 310 | _aAnual | ||
| 362 | 0 | _a1953-1956/1958. | |
| 500 | _aPrecede al tít.: Presidencia del Gobierno. | ||
| 650 | 0 | 4 |
_aPresos- _zEspaña. _916390 |
| 655 | 7 |
_2tgfbne _9226866 _aRevistas |
|
| 710 | 1 |
_aEspaña. _bPresidencia del Gobierno. _93951 |
|
| 710 | 2 |
_aInstituto Nacional de Estadística (España) _95162 |
|
| 852 |
_aES-MaACL _jP-236 _cDEPO2 |
||
| 866 | 0 | _o1954-1958. | |
| 942 |
_2udc _cPERIODICA |
||
| 999 |
_c83310 _d83310 |
||